Childcraft, the how and why library/ (Record no. 3524)
[ view plain ]
| 000 -LEADER | |
|---|---|
| fixed length control field | 00867nam a22002057a 4500 |
| 003 - CONTROL NUMBER IDENTIFIER | |
| control field | SISC |
| 005 - DATE AND TIME OF LATEST TRANSACTION | |
| control field | 20181121135645.0 |
| 008 - FIXED-LENGTH DATA ELEMENTS--GENERAL INFORMATION | |
| fixed length control field | 130702t xxu||||| |||| 00| 0 eng d |
| 020 ## - INTERNATIONAL STANDARD BOOK NUMBER | |
| International Standard Book Number | 0716601826 |
| 050 ## - LIBRARY OF CONGRESS CALL NUMBER | |
| Classification number | AG 6 |
| Item number | .C536 1981 |
| 082 ## - DEWEY DECIMAL CLASSIFICATION NUMBER | |
| Classification number | REF 030 |
| Item number | C43 1982 |
| 245 ## - TITLE STATEMENT | |
| Title | Childcraft, the how and why library/ |
| 260 ## - PUBLICATION, DISTRIBUTION, ETC. (IMPRINT) | |
| Place of publication, distribution, etc | Chicago |
| Name of publisher, distributor, etc | Childcraft Int'l. Inc. |
| Date of publication, distribution, etc | c1982. |
| 300 ## - PHYSICAL DESCRIPTION | |
| Extent | 368 p. |
| Other physical details | ill. ; (col.) ; |
| Dimensions | 25 cm. |
| 500 ## - GENERAL NOTE | |
| General note | includes index |
| 520 ## - SUMMARY, ETC. | |
| Summary, etc | : v.1. Poems and rhymes.--v.2. Stories and fables.--v.3. Children everywhere.--v.4. World and space.--v.5. About animals.--v.6. The green kingdom.--v.7. How things work.--v.8. How we get things.--v.9. Holidays and customs.--v.10. Places to know.--v.11. Make and do.--v.12. Look and learn.--v.13. Mathemagic.--v.14. About me.--v.15. Guide for parents. |
| 562 ## - COPY AND VERSION IDENTIFICATION NOTE | |
| Number of copies | 1 |
| 942 ## - ADDED ENTRY ELEMENTS (KOHA) | |
| Source of classification or shelving scheme | Library of Congress Classification |
| Koha item type | Books |
| Withdrawn status | Lost status | Source of classification or shelving scheme | Damaged status | Home library | Current library | Shelving location | Date acquired | Source of acquisition | Total Checkouts | Full call number | Barcode | Date last seen | Price effective from | Koha item type |
|---|---|---|---|---|---|---|---|---|---|---|---|---|---|---|
| Library of Congress Classification | Luxembourg Library | Luxembourg Library | Reference Section | 07/02/2013 | Donation | AG 6 .C536 1982 vol.1 | 11044 | 08/13/2013 | 07/02/2013 | Books | ||||
| Library of Congress Classification | Luxembourg Library | Luxembourg Library | Reference Section | 07/02/2013 | Donation | AG 6 .C536 1982 vol.2 | 11048 | 11/21/2018 | 11/21/2018 | Books | ||||
| Library of Congress Classification | Luxembourg Library | Luxembourg Library | Reference Section | 07/02/2013 | Donation | AG 6 .C536 1982 vol.7 | 11043 | 11/21/2018 | 11/21/2018 | Books | ||||
| Library of Congress Classification | Luxembourg Library | Luxembourg Library | Reference Section | 07/02/2013 | Donation | AG 6 .C536 1982 vol.4 | 11042 | 11/21/2018 | 11/21/2018 | Books | ||||
| Library of Congress Classification | Luxembourg Library | Luxembourg Library | Reference Section | 07/02/2013 | Donation | AG 6 .C536 1982 vol.5 | 11045 | 11/21/2018 | 11/21/2018 | Books | ||||
| Library of Congress Classification | Luxembourg Library | Luxembourg Library | Reference Section | 07/02/2013 | Donation | AG 6 .C536 1982 vol.10 | 1193 | 11/21/2018 | 11/21/2018 | Books | ||||
| Library of Congress Classification | Luxembourg Library | Luxembourg Library | Reference Section | 07/02/2013 | Donation | AG 6 .C536 1982 vol.14 | 1195 | 11/21/2018 | 11/21/2018 | Books | ||||
| Library of Congress Classification | Luxembourg Library | Luxembourg Library | Reference Section | 07/02/2013 | Donation | AG 6 .C536 1982 vol.12 | 11046 | 11/21/2018 | 11/21/2018 | Books | ||||
| Library of Congress Classification | Luxembourg Library | Luxembourg Library | Reference Section | 07/02/2013 | Donation | AG 6 .C536 1982 vol.11 | 1194 | 11/21/2018 | 11/21/2018 | Books | ||||
| Library of Congress Classification | Luxembourg Library | Luxembourg Library | Reference Section | 07/02/2013 | Donation | AG 6 .C536 1982 vol.9 | 11047 | 11/21/2018 | 11/21/2018 | Books |